000 00281nam a22001217a 4500
003 SGT
082 _a618.92
_bP07R
100 _aROSEN,LAWRENCE D
245 _aPEDIATRIC CLINICS OF NORTH AMERICA VOL 54
260 _aPHILADELPHIA
_bSAUNDERS
_c2007
300 _a1070
942 _2ddc
_cBK
999 _c14042
_d14042